[Event "AUTO-INT-2132"]
[Site "http://www.queenalice.com/game.php?id=980013"]
[Date "2011.9.1"]
[Round "1"]
[White "Equeiroz"]
[Black "MarcosSP"]
[Result "0-1"]
[WhiteElo "1571"]
[BlackElo "1737"]

1. e4 e6 2. d4 d5 3. e5 Nc6 4. Nf3 Nge7 5. Bd3 b6 6. O-O Bb7 7. a3 Ng6 8. h3 Be7
9. c4 O-O 10. cxd5 exd5 11. Be3 h6 12. Nc3 Na5 13. Bxg6 fxg6 14. Rc1 Nc4 15. Bf4
Nxb2 16. Qc2 g5 17. Bh2 Bxa3 18. Nb5 Nc4 19. e6 Bxc1 20. Qxc1 Qe7 21. Re1 c6 22.
Bd6 Nxd6 23. Nxd6 Qxd6 24. Qc2 Rae8 25. Qg6 Bc8 26. e7 Qxg6 27. exf8=Q+ Kxf8 28.
Ne5 Qc2 29. Kh2 Qxf2 30. Ng6+ Kf7 31. Ne5+ Rxe5 32. Rxe5 Ba6 0-1

[Event "AUTO-INT-2133"]
[Site "http://www.queenalice.com/game.php?id=980299"]
[Date "2011.9.2"]
[Round "1"]
[White "zemaria"]
[Black "MarcosSP"]
[Result "1-0"]
[WhiteElo "1677"]
[BlackElo "1753"]

1. e4 e6 2. d4 d5 3. exd5 exd5 4. Be3 Nf6 5. f3 Be7 6. Bd3 O-O 7. Nc3 Nc6 8. a3
Re8 9. Qd2 Bc5 10. O-O-O Nxd4 11. Bxd4 Bxd4 12. Bb5 Be3 13. Bxe8 Bxd2+ 14. Rxd2
Qxe8 15. Nge2 Qe3 16. Rd1 c5 17. Ng3 Bd7 18. Kb1 1-0

[Event "AUTO-INT-2133"]
[Site "http://www.queenalice.com/game.php?id=980300"]
[Date "2011.9.2"]
[Round "1"]
[White "MarcosSP"]
[Black "zemaria"]
[Result "1-0"]
[WhiteElo "1947"]
[BlackElo "1698"]

1. e4 e5 2. Nf3 d6 3. Bc4 c6 4. d4 Be7 5. dxe5 Be6 6. Bxe6 fxe6 7. exd6 Bxd6 8.
O-O Qc7 9. e5 Bc5 10. Ng5 Qe7 11. Qh5+ g6 12. Qh3 Bd4 13. Nxe6 Bb6 14. Nc3 Nd7
15. Bg5 Qxe6 16. Qxe6+ 1-0

[Event "AUTO-INT-2133"]
[Site "http://www.queenalice.com/game.php?id=980307"]
[Date "2011.9.2"]
[Round "1"]
[White "MarcosSP"]
[Black "Quiaseze"]
[Result "1-0"]
[WhiteElo "1943"]
[BlackElo "1554"]

1. e4 e5 2. Nf3 Nc6 3. Bb5 Qf6 4. c3 Nge7 5. d4 a6 6. Ba4 b5 7. Bc2 d6 8. a4 Bd7
9. axb5 axb5 10. Rxa8+ Bc8 11. d5 Nd8 12. Bg5 Qg6 13. Bxe7 Bxe7 14. Rxc8 Qxg2
15. Rg1 Qh3 16. Rxc7 Qh6 17. Qd2 Qf6 18. Qg5 O-O 19. Rxe7 Re8 20. Rxe8# 1-0

[Event "AUTO-INT-2133"]
[Site "http://www.queenalice.com/game.php?id=980308"]
[Date "2011.9.2"]
[Round "1"]
[White "Quiaseze"]
[Black "MarcosSP"]
[Result "0-1"]
[WhiteElo "1553"]
[BlackElo "1953"]

1. Nf3 d5 2. d4 Nf6 3. Bf4 e6 4. e3 c5 5. Ne5 cxd4 6. Qxd4 Nc6 7. Nxc6 bxc6 8.
Bg5 Qa5+ 9. c3 Ne4 10. b4 Qa4 11. h4 f6 12. f3 e5 13. Qd3 Ng3 14. Rg1 fxg5 15.
hxg5 e4 16. fxe4 Nxe4 17. Nd2 Nxd2 18. Kxd2 Be7 19. Qd4 Qa3 20. Qxg7 Qb2+ 21.
Kd3 Ba6+ 22. Kd4 Qd2+ 23. Bd3 Qxd3+ 24. Ke5 Qe4# 0-1

[Event "AUTO-ADV-2275"]
[Site "http://www.queenalice.com/game.php?id=984176"]
[Date "2011.9.12"]
[Round "1"]
[White "MarcosSP"]
[Black "Trevuz"]
[Result "1-0"]
[WhiteElo "1955"]
[BlackElo "1920"]

1. e4 c6 2. d4 d5 3. exd5 cxd5 4. Nf3 Bg4 5. Nc3 Nc6 6. Be2 Nf6 7. h3 Bh5 8. g4
Bg6 9. Ne5 e6 10. h4 h6 11. Nxg6 fxg6 12. a3 Bd6 13. Qd3 Ne7 14. Bd2 a6 15.
O-O-O Qd7 16. g5 Nh5 17. Bxh5 gxh5 18. gxh6 gxh6 19. Rde1 O-O-O 20. Qe2 e5 21.
dxe5 Bc5 22. e6 Qc6 23. Rh3 d4 24. Ne4 Bb6 25. Bb4 Qxe6 26. Nd6+ Rxd6 27. Qxe6+
Rxe6 28. Rxe6 Nc6 29. Rf3 Bc7 30. Rf8+ Rxf8 31. Bxf8 Bf4+ 32. Kd1 Na5 33. Rf6
Bh2 34. Rxh6 Nc4 35. b3 1-0

[Event "AUTO-ADV-2275"]
[Site "http://www.queenalice.com/game.php?id=984177"]
[Date "2011.9.12"]
[Round "1"]
[White "Trevuz"]
[Black "MarcosSP"]
[Result "0-1"]
[WhiteElo "1938"]
[BlackElo "1899"]

1. d4 d5 2. c4 e6 3. Nf3 Nf6 4. Bg5 Nbd7 5. e3 c6 6. Nc3 Qa5 7. Nd2 Bb4 8. Qc2
O-O 9. Bh4 e5 10. dxe5 Ne4 11. Ndxe4 dxe4 12. Rc1 Nxe5 13. a3 Bxc3+ 14. Qxc3
Qxc3+ 15. Rxc3 Re8 16. Be2 Bd7 17. O-O f6 18. Bg3 Rad8 19. f3 exf3 20. gxf3 Bf5
21. e4 Rd2 22. Bd1 Bh3 23. Re1 Nd3 0-1

[Event "AUTO-ADV-2275"]
[Site "http://www.queenalice.com/game.php?id=984179"]
[Date "2011.9.12"]
[Round "1"]
[White "penteado"]
[Black "MarcosSP"]
[Result "1-0"]
[WhiteElo "1738"]
[BlackElo "1833"]

1. e4 e6 2. d4 d5 3. Qf3 dxe4 4. Qxe4 Nf6 5. Qd3 Bd6 6. Bg5 Nbd7 7. Nc3 h6 8.
Bh4 O-O 9. Nf3 b6 10. Bxf6 Nxf6 11. Ne4 Bb7 12. Nxd6 Qxd6 13. Rd1 Qb4+ 14. Qc3
Qxc3+ 15. bxc3 c5 16. Be2 1-0

[Event "AUTO-ADV-2275"]
[Site "http://www.queenalice.com/game.php?id=984180"]
[Date "2011.9.12"]
[Round "1"]
[White "MarcosSP"]
[Black "juim"]
[Result "0-1"]
[WhiteElo "1734"]
[BlackElo "1643"]

1. e4 d5 2. exd5 Qxd5 3. Nc3 Qd8 4. d4 Nf6 5. Nf3 e6 6. Bg5 Be7 7. Bd3 h6 8. Bf4
b6 9. Bb5+ Bd7 10. Ne5 Bb4 11. O-O Bxc3 12. Nxd7 Nfxd7 13. bxc3 O-O 14. Qf3 Nc6
15. Bxc6 Rb8 16. Qg3 g5 0-1

[Event "AUTO-ADV-2275"]
[Site "http://www.queenalice.com/game.php?id=984181"]
[Date "2011.9.12"]
[Round "1"]
[White "juim"]
[Black "MarcosSP"]
[Result "1-0"]
[WhiteElo "1663"]
[BlackElo "1714"]

1. e4 e6 2. Bd3 d5 3. exd5 exd5 4. Nf3 Nf6 5. Qe2+ Be7 6. Ne5 O-O 7. O-O Re8 8.
Qf3 Bc5 9. Re1 Nc6 10. Qg3 Ng4 11. Qh3 h6 12. Re2 Rxe5 13. Kf1 Nxf2 14. Qg3 Nxd3
15. Qxd3 Qf6+ 16. Ke1 Qf2+ 17. Kd1 1-0

[Event "AUTO-MASTER-1507"]
[Site "http://www.queenalice.com/game.php?id=991711"]
[Date "2011.9.30"]
[Round "1"]
[White "MarcosSP"]
[Black "salvador_2011"]
[Result "0-1"]
[WhiteElo "1696"]
[BlackElo "2335"]

1. e4 e6 2. d4 d5 3. Nc3 dxe4 4. Nxe4 Nd7 5. Nf3 Ngf6 6. Nxf6+ Nxf6 7. Bd3 b6 8.
O-O Bb7 9. Qe2 Be7 10. Bf4 O-O 0-1

[Event "AUTO-MASTER-1507"]
[Site "http://www.queenalice.com/game.php?id=991713"]
[Date "2011.9.30"]
[Round "1"]
[White "MarcosSP"]
[Black "jotu"]
[Result "0-1"]
[WhiteElo "1800"]
[BlackElo "2301"]

1. e4 c5 2. Nf3 d6 3. d4 cxd4 4. Nxd4 Nf6 5. Nc3 a6 6. Be3 e5 7. Nb3 Be6 8. Qd2
Nbd7 9. f3 Be7 10. g4 b5 11. g5 b4 12. Ne2 Nh5 13. Ng3 Nf4 0-1

[Event "AUTO-MASTER-1507"]
[Site "http://www.queenalice.com/game.php?id=991714"]
[Date "2011.9.30"]
[Round "1"]
[White "jotu"]
[Black "MarcosSP"]
[Result "1-0"]
[WhiteElo "2302"]
[BlackElo "1798"]

1. e4 e6 2. d4 d5 3. Nc3 Nc6 4. Nf3 Nf6 5. e5 Ne4 6. Ne2 f5 7. h4 Bb4+ 8. c3 Be7
9. g3 Bd7 10. Nfg1 O-O 11. f3 Nxd4 12. fxe4 Nxe2 13. Nxe2 fxe4 14. Bf4 1-0